| 000 | 00388pab a2200145 454500 | ||
|---|---|---|---|
| 008 | 180718b2002 xxu||||| |||| 00| 0 eng d | ||
| 100 | _aPandey, Ajit Kumar | ||
| 245 | _aA crisis of Hindu identity: search for an alternative (a review article) | ||
| 260 | _c2002 | ||
| 300 | _ap.265-70. | ||
| 362 | _aApr-Sep | ||
| 650 | _aHinduism | ||
| 773 | _aEastern Anthropologist | ||
| 909 | _a59971 | ||
| 999 |
_c59971 _d59971 |
||